Inspector operations manual

Đã lưu trong:
Bibliografiske detaljer
Format: Bog
Sprog:Undetermined
Udgivet: U.S.A Deparment of Health, education and Welfare 1974
Fag:
Tags: Tilføj Tag
Ingen Tags, Vær først til at tagge denne postø!
Thư viện lưu trữ: Trung tâm Học liệu Trường Đại học Cần Thơ
LEADER 00434nam a2200157Ia 4500
001 CTU_23492
008 210402s9999 xx 000 0 und d
082 |a 017 
082 |b I.59 
245 0 |a Inspector operations manual 
260 |b U.S.A Deparment of Health, education and Welfare 
260 |c 1974 
650 |a Drug,Food 
650 |x Catalog,Catalog 
904 |i Truc 
980 |a Trung tâm Học liệu Trường Đại học Cần Thơ